Digital Marketing Analytics (Record no. 370825)
[ view plain ]
| 000 -LEADER | |
|---|---|
| fixed length control field | 00531nam a22002057a 4500 |
| 005 - DATE AND TIME OF LATEST TRANSACTION | |
| control field | 20260330170123.0 |
| 008 - FIXED-LENGTH DATA ELEMENTS--GENERAL INFORMATION | |
| fixed length control field | 260330b |||||||| |||| 00| 0 eng d |
| 020 ## - INTERNATIONAL STANDARD BOOK NUMBER | |
| International Standard Book Number | 9789353430191 |
| 041 ## - LANGUAGE CODE | |
| Language code of text/sound track or separate title | eng |
| 082 ## - DEWEY DECIMAL CLASSIFICATION NUMBER | |
| Classification number | 658.8 |
| Item number | HEM B22979 |
| 100 ## - MAIN ENTRY--PERSONAL NAME | |
| Author | Hemann C |
| 245 ## - TITLE STATEMENT | |
| Title | Digital Marketing Analytics |
| Statement of responsibility, etc. | 2nd Ed. |
| 250 ## - EDITION STATEMENT | |
| Edition statement | 2nd Ed. |
| 260 ## - PUBLICATION, DISTRIBUTION, ETC. | |
| Place of publication, distribution, etc. | Noida |
| Name of publisher, distributor, etc. | Pearson India |
| Date of publication, distribution, etc. | 2025 |
| 300 ## - PHYSICAL DESCRIPTION | |
| Extent | 252p |
| 500 ## - GENERAL NOTE | |
| Keywords | Digital Marketing Analytics |
| 500 ## - GENERAL NOTE | |
| Keywords | Marketing Management |
| 700 ## - ADDED ENTRY--PERSONAL NAME | |
| Personal name | Burbary K |
| 942 ## - ADDED ENTRY ELEMENTS (KOHA) | |
| Koha item type | Books |
| Withdrawn status | Lost status | Source of classification or shelving scheme | Damaged status | Not for loan | Home library | Current library | Date acquired | Vendor | Net Price | Bill number | Total Checkouts | Full call number | Barcode | Date last seen | Actual Price | Bill Date | Koha item type | Original Barcode |
|---|---|---|---|---|---|---|---|---|---|---|---|---|---|---|---|---|---|---|
| Dewey Decimal Classification | Smt. Hiraben Nanavati Institute of Management & Research for Women | Smt. Hiraben Nanavati Institute of Management & Research for Women | 11/02/2026 | The Forward Books | 530.00 | 25312 | 658.8 HEM B22979 | HIMR-BK-22979 | 30/03/2026 | 386.90 | 29/01/2026 | Books | B22979 | |||||
| Dewey Decimal Classification | Smt. Hiraben Nanavati Institute of Management & Research for Women | Smt. Hiraben Nanavati Institute of Management & Research for Women | 11/02/2026 | The Forward Books | 530.00 | 25312 | 658.8 HEM B22980 | HIMR-BK-22980 | 30/03/2026 | 386.90 | 29/01/2026 | Books | B22980 | |||||
| Dewey Decimal Classification | Smt. Hiraben Nanavati Institute of Management & Research for Women | Smt. Hiraben Nanavati Institute of Management & Research for Women | 11/02/2026 | The Forward Books | 530.00 | 25312 | 658.8 HEM B22981 | HIMR-BK-22981 | 30/03/2026 | 386.90 | 29/01/2026 | Books | B22981 | |||||
| Dewey Decimal Classification | Smt. Hiraben Nanavati Institute of Management & Research for Women | Smt. Hiraben Nanavati Institute of Management & Research for Women | 11/02/2026 | The Forward Books | 530.00 | 25312 | 658.8 HEM B22982 | HIMR-BK-22982 | 30/03/2026 | 386.90 | 29/01/2026 | Books | B22982 | |||||
| Dewey Decimal Classification | Smt. Hiraben Nanavati Institute of Management & Research for Women | Smt. Hiraben Nanavati Institute of Management & Research for Women | 11/02/2026 | The Forward Books | 530.00 | 25312 | 658.8 HEM B22983 | HIMR-BK-22983 | 30/03/2026 | 386.90 | 29/01/2026 | Books | B22983 |